Ekonomika a management vědecký časopis Fakulty podnikohospodářské Vysoké školy ekonomické v Praze

Analytické štúdie zamerané na rozvíjanie teórie a praxe ekonomiky a manažmentu, ako i na informácie o aktuálnych problémoch novej ekonomiky, medzinárodného vedeckého života a ekonomickej literatúry.

Guardado en:
Detalles Bibliográficos
Formato: Seriadas
Lenguaje:checo
inglés
Publicado: Praha Podnikohospodářská fakulta VŠE v Praze
Materias:
Etiquetas: Agregar Etiqueta
Sin Etiquetas, Sea el primero en etiquetar este registro!

MARC

LEADER 00000nls$a2200000$$$4500
001 0073977
005 20231121095317.1
022 |a 1802-8934 
041 0 |a cze 
041 0 |a eng 
044 |a CZ 
245 1 0 |a Ekonomika a management  |b vědecký časopis Fakulty podnikohospodářské Vysoké školy ekonomické v Praze 
264 1 |a Praha  |b Podnikohospodářská fakulta VŠE v Praze 
520 |a Analytické štúdie zamerané na rozvíjanie teórie a praxe ekonomiky a manažmentu, ako i na informácie o aktuálnych problémoch novej ekonomiky, medzinárodného vedeckého života a ekonomickej literatúry. 
610 2 0 |a ekonomika nová 
610 2 0 |a ekonómia 
610 2 0 |a manažment 
610 2 0 |a financie 
610 2 0 |a investície 
610 2 0 |a podnik 
610 2 0 |a prax odborná